000 01320nam a2200325 4500
001 0000012630
003 CO-CtgCURN
005 20250403124031.0
007 ta
008 160627s1997 000 0 eng d
020 _a968185196X
040 _aCO-CtgCURN
_bspa
_ccoctgcurn
082 0 _a519
_bD184b
100 1 _aDaniel, Wayne W.
245 1 0 _aBioestadistica :
_bbase para el análisis de las ciencias de la salud /
_cWayne W. Daniel , colaborador en la traducción Francisco Leon Hernández , revision tecnica Guillermina Yankelevich Niedredovich.
250 _a3a ed.
260 _aMexico :
_bLimusa,
_c1997.
300 _a878 p.
336 _2rdacontent
337 _2rdamedia
_asin mediacion
_bn
338 _2rdacarrier
_avolumen
_bnc
500 _aIncluye indice.
505 8 _aDistribucion de probabilidad.--Integracion de datos.--Estimacion.--Pruebas de hipotesis.--Análisis de la variancia.--Regresion.--Correlacion simple.--Estadisticas vitales.--Análisis de frecuencias.--Distribucion ji cuadrada.--Probabilistica
534 _aBiostastistics : a foundation for analysis in the health sciences.
650 1 4 _aBiometria.
650 1 4 _aBioestadistica.
908 _a160627
942 _cBK
_h519
_iD184b
_2ddc
_n0
999 _c20852
_d20852